000 00286nam a2200133Ia 4500
100 _aKumbhojkar G.V
650 _aMathematics
942 _cBK
245 _aApplied Mathematics III- Computer
260 _bC.Jamnadas and Co
_c2011
082 _bKUM
546 _aENGLISH
999 _c31721
_d31721